000
00262nam a22000857a 4500
008
161115b xxu||||| |||| 00| 0 eng d
100
_9
1222
_a
Gupta. R. G
245
_a
Composite mathamatics for us : including lab activities VII
260
_a
New delhi
_b
Rachna sagar
_c
2007
999
_c
3913
_d
3913